000 00227nam a22000857a 4500
008 170215b xxu||||| |||| 00| 0 eng d
100 _92883
_aAggarwal.N.K.
245 _aEnglish Grammar & Composition-8
260 _aNew Delhi
_bGBP
_c2010
999 _c6110
_d6110